00465cam a2200145 4500008004100000035001200041100002600053245009400079250001100173260004200184300002100226440002300247504002200270650002700292080519s1972 fr 000 0 fre u aa4702151 aGunder Frank, André13aLe développement du sous-développement :bL'amérique latine/cAndré Gunder Frank. a2a ed. aFrancia :bFranҫCois Maspero, c1972 a398 p. ;c22 cm. 0aTextes á l'appui aInclueye índice 7aPaíses en desarrolo